El juego para vivir mejor [juego] / habano
Guardado en:
| Formato: | Objeto Físico |
|---|---|
| Publicado: |
Argentina :
Habano,
[199?]
|
| Materias: | |
| Etiquetas: |
Agregar Etiqueta
Sin Etiquetas, Sea el primero en etiquetar este registro!
|
| LEADER | 00677nrm a22001455g 4500 | ||
|---|---|---|---|
| 001 | CEM.cems019374 | ||
| 008 | 130507b199?##################0###0#####d | ||
| 005 | 20220830170304.0 | ||
| 245 | 0 | 0 | |a El juego para vivir mejor [juego] / |b habano |c Alberto Cormillot : |
| 260 | |a Argentina : |b Habano, |c [199?] | ||
| 300 | |a 1 juego (tablero, 1 dado, 8 p.eones, 60 tarjetas de preguntas, 1 libro de preguntas) ; en caja 30 x 44 x 6 cm. | ||
| 500 | |a Para 2 a 8 participantes a partir de 10 años objetivo: responder las preguntas y llegar a la "meta" del Bienestar personal. | ||
| 082 | 0 | 4 | |a J793.73 |
| 653 | |a 1. juegos de preguntas y respuestas | ||
| 859 | |a CEMS |b BIB. CEMS - Ludoteca |h J793.73 |i C663 |p 190.99 |t Ej.1 | ||
